| 000 | 01282cam a22003497a 4500 | ||
|---|---|---|---|
| 003 | CHAP | ||
| 005 | 20220329142322.0 | ||
| 008 | 000620d1998 mx r 00110 esp d | ||
| 010 | _a81627 | ||
| 011 | _a82599 | ||
| 020 |
_a9701320131 _ctomo 1 |
||
| 035 | _a93098 | ||
| 040 | _cCHAP | ||
| 082 | 0 | 4 |
_a317.2 _bI62 1996 |
| 110 |
_aInstituto Nacional de Estadística, Geografía e Informática. México _959304 |
||
| 245 | 1 | 0 |
_aSeguimiento de establecimientos grandes y de empresas 1996 (SEG 1996) : _bcensos económicos _c/por INEGI |
| 260 |
_aAguascalientes, Ags. : _bInstituto Nacional de Estadística, Geografía e Informática, _c1998 |
||
| 300 | _av. | ||
| 500 | _aLa biblioteca tiene : v.1 | ||
| 590 |
_aBATCH-UPD _b10 _c20130110 _lUCH01 _h1700 |
||
| 590 |
_aBATCH-UPD _b10 _c20130409 _lUCH01 _h2356 |
||
| 590 |
_aBATCH-UPD _b10 _c20130914 _lUCH01 _h1301 |
||
| 590 |
_aCONVERSION _b10 _c20130109 _lUCH01 _h1345 |
||
| 650 | 1 | 4 |
_aEmpresas _zMéxico. _936646 |
| 650 | 1 | 4 |
_aIndustria _xEstadísticas _zMéxico. _957721 |
| 650 | 1 | 4 |
_aMéxico _xCensos (1996) _976664 |
| 650 | 1 | 4 |
_aMéxico _xCondiciones económicas _xEstadísticas. _976726 |
| 901 | _aBK | ||
| 905 | _aMarco A. Mendoza T. | ||
| 942 | _cLIBRO | ||
| 949 |
_a317.2 I62 1996 _bBC _cINEGI _d33724000774840 _eINEGI _h96740 _i93098 _sb |
||
| 999 |
_c81627 _d81627 |
||